| 000 | 00368nam a2200145 a 4500 | ||
|---|---|---|---|
| 001 | 3038 | ||
| 003 | CDMR | ||
| 005 | 20130905120924.0 | ||
| 008 | 130130s1994||||||||||||||||||||||||||||d | ||
| 040 |
_aCDMR _bcat _cCPC GIRONA |
||
| 100 | 1 |
_aTharrats, Josep _91367 |
|
| 245 | 1 | 0 |
_aPau Casals _bEl catalĂ del segle _cTharrats, Josep |
| 260 |
_c1994 _bParsifal |
||
| 942 |
_cMON _2udc |
||
| 999 |
_c3038 _d3038 |
||